Statistics for Most Appearances & Goals at the FIFA World Cup for Germany

Click here to take the quiz!

General Stats

  • This quiz has been taken 121 times
  • The average score is 16 of 30

Answer Stats

Answer% Correct
Gerd Müller
100%
Thomas Müller
100%
Miroslav Klose
98%
Philipp Lahm
88%
Lothar Matthaeus
87%
Bastian Schweinsteiger
85%
Franz Beckenbauer
85%
Manuel Neuer
81%
Jurgen Klinsmann
75%
Karl-Heinz Rummenigge
71%
Mesut Özil
69%
Lukas Podolski
67%
Rudi Völler
64%
Andreas Brehme
52%
Uwe Seeler
51%
Sepp Maier
48%
Per Mertesacker
46%
Oliver Bierhoff
42%
Paul Breitner
41%
Helmut Rahn
39%
Ottmar Walter
36%
Pierre Littbarski
26%
Berti Vogts
25%
Max Morlock
21%
Karl-Heinz Schnellinger
19%
Wolfgang Overath
16%
Helmut Haller
15%
Hans Schäfer
12%
Thomas Berthold
12%
Edmund Conen
9%

Score Distribution

Percentile by Number Answered

Percent of People with Each Score

Your Score History

You have not taken this quiz